Szczegóły MARC21

Weksel w gospodarce rynkowej : (emisja, obrót i ewidencja) /

003 -Nazwa inst., której nr kontr. jest w polu 001 [,]
    • @
    • Nazwa instytucji, której n kontrolny jest w polu 001
    • NUKAT
005 -DATA I CZAS OSTATNIEJ MODYFIKACJI [,]
    • @
    • pole kontrolne
    • 20241231090248.0
040 -Instytucja sporządzająca opis [ , ]
    • a
    • Instytucja, która sporządziła opis (NP)
    • NUKAT
    • c
    • Instytucja, która sporządziła rekord (NP)
    • KR 7/JP
    • d
    • Instytucja, która zmodyfikowała rekord (P)
    • KR 7/MN
942 -Rodzaj dokumentu [ , ]
    • c
    • Rodzaj dokumentu
    • Książka
100 -Hasło główne - nazwa osobowa [1, ]
    • a
    • Nazwa osobowa (NP)
    • Sołtys, Włodzimierz.
    • 9
    • KHW
    • 16735
245 -Strefa tytułu i oznaczenia odpowiedzialności [1,0]
    • a
    • Tytuł
    • Weksel w gospodarce rynkowej : Find
    • b
    • Ciąg dalszy tytułu (NP)
    • (emisja, obrót i ewidencja) / Find
    • c
    • Pozostałe elementy strefy tytułu i oznaczenia odpowiedzialności (NP)
    • Włodzimierz Sołtys.
260 -Strefa adresu wydawniczego [ , ]
    • a
    • Miejsce wydania (P)
    • Wrocław :
    • b
    • Nazwa wydawcy (P)
    • Wydawnictwo Akademii Ekonomicznej,
    • c
    • Data wydania (P)
    • 1991.
300 -Strefa opisu fizycznego [ , ]
    • a
    • Określenie formy książki i/lub objętość (NP)
    • 48, [2] s. :
    • b
    • Oznaczenie ilustracji (NP)
    • il. ;
    • c
    • Format (NP)
    • 21 cm.
336 -Typ zawartości [ , ]
    • a
    • Termin opisujący typ zawartości
    • Tekst
    • b
    • Kod określający zawartość
    • txt
    • 2
    • Źródło (terminu i kodu)
    • rdacontent
337 -Typ mediów [ , ]
    • a
    • Tryb odtwarzania
    • Bez urządzenia pośredniczącego
    • b
    • Kod typu mediów
    • n
    • 2
    • Źródło (terminu i kodu)
    • rdamedia
338 -Typ/rodzaj nośnika [ , ]
    • a
    • Hasło opisujące typ nośnika
    • Wolumin
    • b
    • Kod typu nośnika
    • nc
    • 2
    • Źródło (terminu i kodu)
    • rdacarrier
490 -Strefa serii i książki wielotomowej - forma nie do wyszukiwania [1, ]
    • a
    • Tytuł (P)
    • Wrocławska Biblioteka Współczesnego Menedżera ; Find
    • v
    • Numeracja (P)
    • 5
830 -Hasło dodatkowe serii i opisu książki wielotomowej - tytuł ujednolicony/tytuł [ ,0]
    • a
    • Tytuł ujednolicony/tytuł (NP)
    • Wrocławska Biblioteka Współczesnego Menedżera
    • x
    • ISSN
    • 1232-762X
    • v
    • Oznaczenie tomu (NP)
    • 5
    • 9
    • KHW
    • 16738
504 -Uwaga dot. bibliogr. załącznikowej [ , ]
    • a
    • Uwaga dot. bibliografii załącznikowej
    • Bibliogr. s.[50].
080 -Uniwersalna Klasyfikacja Dziesiętna [ , ]
    • 2
    • Identyfikator wydania tablic
    • UDC-P058
    • 9
    • UKD
    • 3205
    • a
    • Symbol klasyfikacji
    • 336.777
    • b
    • Dopowiedzenie
    • Weksle. Kredyt wekslowy.
    • 4
    • UKD2
    • 7642
    • x
    • Poddział wspólny
    • (438)
    • c
    • Dopowiedzenie poddz. wspólnego
    • (Polska).
    • 4
    • UKD2
    • 8230
    • x
    • Poddział wspólny
    • "19"
    • c
    • Dopowiedzenie poddz. wspólnego
    • Wiek XX.
080 -Uniwersalna Klasyfikacja Dziesiętna [ , ]
    • 2
    • Identyfikator wydania tablic
    • UDC-P058
    • 9
    • UKD
    • 3619
    • a
    • Symbol klasyfikacji
    • 351.72
    • b
    • Dopowiedzenie
    • Finanse publiczne. Ustawodawstwo organów administracji w zakresie finansów publicznych.
    • 4
    • UKD2
    • 7642
    • x
    • Poddział wspólny
    • (438)
    • c
    • Dopowiedzenie poddz. wspólnego
    • (Polska).
    • 4
    • UKD2
    • 8230
    • x
    • Poddział wspólny
    • "19"
    • c
    • Dopowiedzenie poddz. wspólnego
    • Wiek XX.
650 -Hasło przedmiotowe [ ,7]
    • a
    • Hasło przedmiotowe
    • Weksle ciągnione.
    • 2
    • Źródło terminu
    • kaba
    • 9
    • KHW
    • 135151
650 -Hasło przedmiotowe [ ,7]
    • a
    • Hasło przedmiotowe
    • Weksle własne
    • z
    • Określnik geograficzny
    • Polska.
    • 2
    • Źródło terminu
    • kaba
    • 9
    • KHW
    • 571074
650 -Hasło przedmiotowe [ ,7]
    • a
    • Hasło przedmiotowe
    • Weksle handlowe.
    • 2
    • Źródło terminu
    • kaba
    • 9
    • KHW
    • 135153
980 -Symbol UKD [ , ]
    • a
    • UKD
    • 351.72:336.777](438)"19"
Lokalizacja Data inwentaryzacji Sygnatura Numer inwentarzowy Status udost. Uwagi nie widoczne w OPAC
BE  S.724522retrokonwersja
BE  S.724532retrokonwersja
BE  S.724542retrokonwersja
BE  S.724552retrokonwersja
BE  S.730762retrokonwersja
BE  S.724492retrokonwersja
BE  S.724502retrokonwersja
BE  S.72451-3retrokonwersja
BE2010-08-31 E.602221retrokonwersja
BSA SA.4550SA.45501retrokonwersja
T  TS.72456-3retrokonwersja
T  TS.72457-3retrokonwersja
T  TS.72458-3retrokonwersja